00808nab a2200217 uc450000100070000000500170000700800410002403500110006503500210007604000130009704100080011010000410011824500920015965000290025165000390028065000390031965000320035865000210039065000430041177301360045470219620240918090808.0011030s2001 spa  a702196 a(OCoLC)819920920 ccomduadb aspa10aLopez Ortiz, Luis Santiago4auteaut10aBritish Studies and British Cultural Studies: their relevance in learning English today 7aLenguaje y cultura2lemb aEnseñanza de lenguas extranjeras aAprendizaje de lenguas extranjeras 7aInglésxEnseñanza2lemb aIngles britanico 7aAntropología de la educación2lemb0 tRevista de la Facultad de Ciencias Humanas y Sociales (Popayán)gVol. 05, No. 06, Jul. 2001, p. 95-113w551388x0123-42180132883